000 01042nam0a22002291i 4500
001 rc\3939149
005 20240724130959.0
021 _aRU
_b[56-55160]
035 _a(NLR Aleph) 007919003
090 _a8145676
_c8145676
100 _a20130415d1956 |||y0rusy50 ca
101 0 _arus
102 _aRU
105 _ay d |||||
200 1 _aРоль торговли в экономической смычке между городом и деревней в переходный период
_e(На материалах Чехословакии)
_eАвтореферат дис. на соискание учен. степени кандидата экон. наук
_fМоск. ордена Ленина и ордена Труд. Красного Знамени гос. ун-т им. М.В. Ломоносова. Экон. фак.
210 _aМосква
_d1956
215 _a16 с.
_d20
700 1 _aДупал
_bЯ.
_gЯрослав
801 0 _aRU
_bNLR
_gpsbo
801 1 _aRU
_bELAR
_2rusmarc
852 _aNLR
_jЭк20 Г-4/162
942 _cBOOK